Európa 2020 a plnenie jej cieľov v krajinách V-4

Popísanie toho, ako štáty V-4 plnia svoje národné ciele v jednotlivých prioritách v komparácii s cieľmi EÚ. Popis zásadných problémov, ktoré tvoria prekážky spojené s plnením národných cieľov, ktoré vychádzajú z odporúčania Európskej komisie z roku 2019. Konštatovanie, že členské štáty V-4 vo veľkej...

Ausführliche Beschreibung

Gespeichert in:
Bibliographische Detailangaben
1. Verfasser: Harakaľová, Ľubica, 1963-
Format: Buchkapitel
Sprache:Slowakisch
Schlagworte:
Tags: Tag hinzufügen
Keine Tags, Fügen Sie das erste Tag hinzu!

MARC

LEADER 00000naa a2200000 4500
001 0268971
005 20240502074220.3
041 0 |a slo 
044 |a SK 
245 1 0 |a Európa 2020 a plnenie jej cieľov v krajinách V-4  |c Ľubica Harakaľová 
520 |a Popísanie toho, ako štáty V-4 plnia svoje národné ciele v jednotlivých prioritách v komparácii s cieľmi EÚ. Popis zásadných problémov, ktoré tvoria prekážky spojené s plnením národných cieľov, ktoré vychádzajú z odporúčania Európskej komisie z roku 2019. Konštatovanie, že členské štáty V-4 vo veľkej miere svoje národné ciele plnia pred stanoveným termínom, otázkou je, či neboli stanovené málo ambiciózne. 
610 2 0 |a zamestnanosť 
610 2 0 |a vzdelávanie 
610 2 0 |a chudoba 
610 2 0 |a Vyšehradská štvorka 
100 1 |a Harakaľová, Ľubica, 1963-